F1 2021 Race Winners - Statistics

General Stats
  • This quiz has been taken 58 times
  • The average score is 21 of 22
Answer Stats
Hint Answer % Correct
Bahrain Lewis Hamilton
98%
Portugal Lewis Hamilton
98%
Spain Lewis Hamilton
98%
UK Lewis Hamilton
98%
Russia Lewis Hamilton
98%
Brazil Lewis Hamilton
98%
Qatar Lewis Hamilton
98%
Saudi Arabia Lewis Hamilton
98%
Imola Max Verstappen
98%
Monaco Max Verstappen
98%
France Max Verstappen
98%
Styria Max Verstappen
98%
Austria Max Verstappen
98%
Belgium Max Verstappen
98%
Netherlands Max Verstappen
98%
USA Max Verstappen
98%
Mexico Max Verstappen
98%
Abu Dhabi Max Verstappen
98%
Turkey Valtteri Bottas
98%
Azerbaijan Sergio Perez
96%
Italy Daniel Ricciardo
90%
Hungary Esteban Ocon
90%
No matching quizzes found
Score Distribution
Percent of People with Each Score
Percentile by Number Answered
Your Score History
You have not taken this quiz